Coat of Arms - Asia Countries - Statistics

General Stats
  • This quiz has been taken 9 times
  • The average score is 43 of 48
Answer Stats
Picture Answer % Correct
Azerbaijan
100%
Cambodia
100%
China
100%
Iraq
100%
Kuwait
100%
Kyrgyzstan
100%
Laos
100%
Lebanon
100%
Malaysia
100%
Maldives
100%
Nepal
100%
Philippines
100%
Saudi Arabia
100%
South Korea
100%
Tajikistan
100%
Turkey
100%
Turkmenistan
100%
United Arab Emirates
100%
Uzbekistan
100%
Vietnam
100%
Afghanistan
86%
Armenia
86%
Bahrain
86%
Bhutan
86%
Brunei
86%
Cyprus
86%
East Timor
86%
Georgia
86%
Indonesia
86%
Iran
86%
Jordan
86%
Kazakhstan
86%
Mongolia
86%
Myanmar
86%
North Korea
86%
Oman
86%
Pakistan
86%
Qatar
86%
Singapore
86%
Sri Lanka
86%
Taiwan
86%
Thailand
86%
Bangladesh
71%
India
71%
Israel
71%
Japan
71%
Yemen
71%
Syria
57%
No matching quizzes found
Score Distribution
Percent of People with Each Score
Percentile by Number Answered
Your Score History
You have not taken this quiz